000 00859nam a2200265 a 4500
001 64123
003 BD-RJUL
005 20211209081255.0
008 170209s1959 e 001 0 eng
020 _a0891581030 :
_c13.50
035 _a(BD-RJUL)64253
040 _aDLC
_cDLC
_dBD-RJUL
_beng
041 _aeng
082 _223
_a953.6
_bWIP 1959
099 _aDS326.L654
100 _aWilson Arnold Talbot
_9190461
245 1 4 _aThe Persian Gulf :
_ban historical sketch from the earliest times to the beginning of the twentieth century / /
_cArnold Talbot Wilson
260 _aLondon :
_bGeorge allen & unwinltd,
_c1928 [impression 1959]
300 _axi, 327 p. ;
_c24 cm.
500 _aInclude index
650 _aPersian Gulf.
_9190462
650 _aMiddle East.
_9190463
650 _a Middle East -- History.
_9190464
942 _2ddc
_cBK
999 _c64123
_d64123